| 000 | 00683nam a2200229Ia 4500 | ||
|---|---|---|---|
| 003 | OSt | ||
| 005 | 20220925203006.0 | ||
| 006 | a|||||r|||| 00| 0 | ||
| 007 | ta | ||
| 008 | 220923b |||||||| |||| 00| 0 eng d | ||
| 037 | _cGeneral Book | ||
| 040 |
_aRTL _cRTL _beng |
||
| 041 |
_2eng _aeng |
||
| 082 | _aT4,d.281.N89g, M9/GD | ||
| 110 | _aDELHI (University of-). | ||
| 245 | 0 |
_aHandbook of research activities 1988-89 _b Annual convocation 1989. |
|
| 260 |
_aDelhi _bUniversity of Delhi India _c1989 |
||
| 300 |
_avii, 331p. _ccm. |
||
| 700 | _aDELHI (University of-). | ||
| 942 |
_hT4,d.281.N89g, M9/GD _cGB _2CC |
||
| 999 |
_c544887 _d544887 |
||